Truyện thơ chàm

Đã lưu trong:
書目詳細資料
其他作者: Quảng Đại Cường (Sưu tầm, biên soạn), Tùng Lâm (Sưu tầm, biên soạn)
格式: 圖書
語言:Vietnamese
出版: H. Văn hóa 1983
主題:
標簽: 添加標簽
沒有標簽, 成為第一個標記此記錄!
Thư viện lưu trữ: Mạng thư viện Đại học Đà Nẵng
LEADER 01164nam a2200349 4500
001 000005606
003 1751
005 20110818150858.0
008 110817s1983 viesd
020 |c 10000đ 
041 0 |a vie 
082 |a 895.9221  |b TRU 
245 0 |a Truyện thơ chàm  |c Tùng Lâm, Quảng Đại Cường sưu tầm, biên soạn 
260 |a H.  |b Văn hóa  |c 1983 
300 |a 123 tr  |c 19 cm 
653 |a Văn học dân gian 
653 |a Việt Nam 
653 |a Chàm-dân tộc 
653 |a Truyện 
700 |a Quảng Đại Cường  |e Sưu tầm, biên soạn 
700 |a Tùng Lâm  |e Sưu tầm, biên soạn 
910 |a Nguyễn Thị Kim Oanh  |d 17/08/2011 
OWN |a LSP 
AVA |a UDN50  |b LSP  |d 895.9221 TRU  |e unavailable  |t Error 5002 Not defined in file expand_doc_bib_avail.  |f 1  |g 1  |h N  |i 0  |k 1 
999 |a From the UDN01 
AVA |a UDN50  |b LSP  |d 895.9221 TRU  |e unavailable  |t Error 5002 Not defined in file expand_doc_bib_avail.  |f 1  |g 1  |h N  |i 0  |k 1 
TYP |a Monograph 
TYP |a Printed language 
980 |a Mạng thư viện Đại học Đà Nẵng